00956cam a22002654i 4500003000900000005001700009008004100026035001800067040003300085082001900118100003400137245004600171264005400217300006900271336002100340337002500361338002300386505018800409526000900597526000900606526000800615526000800623526000800631650005100639PE-LiUPU20250731184117.0150616s r 000 0 d a(Sirsi) a6237 aPE-LiUPUbspacPE-LiUPUerda04a860.9bV172211 aValbuena Prat, Angel,eautor.10aHistoria de la Literatura Española.n2. 1aBarcelona :bEditorial Gustavo Gili, S.A.,c1953. a687 páginas :bIlustraciones (fotos blanco y negro) ;c23 cm. atext2rdacontent aunmediated2rdamedia avolume2rdacarrier0 aLos siglos de oro: Cervantes, Quevedo, Lope de Vega, los discípulos de Lope y la escuela valenciana.- La comedia de Calderón, la didáctica en el siglo XVIIliteratura española. aP145 aP127 aP97 aP14 aP0704aLITERATURA ESPAÑOLA - HISTORIA - SIGLO XVII.